LEADER 00831nam0-22003251i-450 001 990001810680403321 005 20190610141147.0 010 $a88-206-6109-8 035 $a000181068 035 $aFED01000181068 035 $a(Aleph)000181068FED01 035 $a000181068 100 $a20021010d1998----km-y0itay50------ba 101 0 $aita 200 1 $aCotoneaster$fAlberto Giussani 210 $aBologna$cEdagricole$d1998 215 $aX, 93 p.$d23 cm 225 1 $a<>gemme verdi 610 0 $aGiardinaggio 610 0 $aCotoneaster 676 $a635.9 700 1$aGiussani,$bAlberto$011185 801 0$aIT$bUNINA$gRICA$2UNIMARC 901 $aBK 912 $a990001810680403321 952 $a60 635.9 GIUA 1998$b6828$fFAGBC 959 $aFAGBC 996 $aCotoneaster$9410429 997 $aUNINA DB $aING01 LEADER 01695nam0 22003493i 450 001 VAN00289541 005 20250716023332.166 010 $a978-88-916706-5-6 100 $a20250318d2024 |0itac50 ba 101 $aita 102 $aIT 105 $a|||| ||||| 181 $ai$b e 182 $an 183 $anc 200 1 $aA chi spettano i diritti sulle opere dell'intelligenza artificiale$edall'addestramento su opere altrui alla generazione di opere nuove$ecome funziona l'intelligenza artificiale (AI) ... / Laura Turini 210 $aSantarcangelo di Romagna$cMaggioli$d2024 215 $a135 p.$cill.$d30 cm 410 1$1001VAN00289542$12001 $aIntelligenza artificiale e diritto$1210 $aSantarcangelo di Romagna$cMaggioli 606 $aIntelligenza artificiale$3VANC032462$2EC 620 $dSantarcangelo di Romagna$3VANL000123 676 $a340.0285$v21 700 1$aTurini$bLaura$3VANV244506$0542305 712 $aMaggioli $3VANV108045$4650 801 $aIT$bSOL$c20250718$gRICA 899 $aBIBLIOTECA DEL DIPARTIMENTO DI GIURISPRUDENZA$1IT-CE0105$2VAN00 912 $aVAN00289541 950 $aBIBLIOTECA DEL DIPARTIMENTO DI GIURISPRUDENZA$d00CONS XV.Eh.255 $e00UBG15581 20250620 950 $aBIBLIOTECA DEL DIPARTIMENTO DI ECONOMIA$d03PREST IVCc23 $e03BDE3216 20250508 950 $aBIBLIOTECA DEL DIPARTIMENTO DI ECONOMIA$d03PREST IVCc23 $e03 34713 20250318 996 $aA chi spettano i diritti sulle opere dell'intelligenza artificiale$94326894 997 $aUNICAMPANIA